| 000 | 00492nam a22001577a 4500 | ||
|---|---|---|---|
| 005 | 20250209155524.0 | ||
| 008 | 250209b |||||||| |||| 00| 0 eng d | ||
| 020 | _a818550203x | ||
| 050 | _aRD37.3 SIV | ||
| 100 | _aSivaraman, K. | ||
| 245 |
_aSiva,s Outlines of Basic Surgery for Students & Doctors/ _cK. Sivaraman |
||
| 250 | _a2nd ed. | ||
| 260 |
_aPeriyar Salai, Chenni _bAll India Publishers & Distributors _c1998 |
||
| 300 |
_a738p. _bill. some color _c24cm |
||
| 942 |
_2lcc _cBK _e2nd ed. _n0 |
||
| 999 |
_c3762 _d3762 |
||